Electrical safety handbook
Fourth Edition is a practical, illustrated source of life-saving information designed for specific work environments. This must-have guide provides the most current safety strategies for use in industrial, commercial, and home-office electrical systems in an easy-to-use format. Written by experts in...
Wedi'i Gadw mewn:
| Fformat: | Llyfr |
|---|---|
| Iaith: | Undetermined |
| Cyhoeddwyd: |
New York
McGraw-Hill
2012
|
| Pynciau: | |
| Tagiau: |
Ychwanegu Tag
Dim Tagiau, Byddwch y cyntaf i dagio'r cofnod hwn!
|
| Thư viện lưu trữ: | Trung tâm Học liệu Trường Đại học Cần Thơ |
|---|
| LEADER | 00896nam a2200193Ia 4500 | ||
|---|---|---|---|
| 001 | CTU_239124 | ||
| 008 | 210402s9999 xx 000 0 und d | ||
| 082 | |a 621.3190289 | ||
| 082 | |b E38 | ||
| 245 | 0 | |a Electrical safety handbook | |
| 245 | 0 | |c John Cadick ... [et al.]. | |
| 260 | |a New York | ||
| 260 | |b McGraw-Hill | ||
| 260 | |c 2012 | ||
| 520 | |a Fourth Edition is a practical, illustrated source of life-saving information designed for specific work environments. This must-have guide provides the most current safety strategies for use in industrial, commercial, and home-office electrical systems in an easy-to-use format. Written by experts in electrical operations, maintenance, engineering, construction, and safety | ||
| 650 | |a Electric engineering,Industrial safety | ||
| 650 | |x Safety measures | ||
| 910 | |a Tuyến | ||
| 980 | |a Trung tâm Học liệu Trường Đại học Cần Thơ | ||